LEADER 01299nam a2200289 i 4500 001 000000160210 003 CaOOAMICUS 005 20070315000000.0 008 070315s1989 it u000 u ita u 013 $a137573 020 $a88-01-11104-5 040 $aSeMil$bita 100 1 $aCPM .$0(OLS)http://semarc/name/42163 245 13$aLa coppia cristiana si interroga /$ca cura di Maria e Sergio Riccardi. 260 $aLeumann (Torino) :$bElledici,$c1989. 300 $a119 p. ;$c21 cm. 490 0 $aCPM : Centri di Preparazione al Matrimonio ;$v1 650 4$aMatrimonio (Sacramento) - Corsi di preparazione.$0(OLS)http://semarc/subject/11327 700 1 $aRiccardi, Sergio.$0(OLS)http://semarc/name/42165 700 1 $aRiccardi, Maria.$0(OLS)http://semarc/name/42164 830 0$aCPM : Centri di Preparazione al Matrimonio ;$v1.$0(OLS)http://semarc/title/23089 850 $aSeMil 852 $aSeMil$W1$xVenegono$y1$m2E II 413$j111686$B111686$CSeMilBibl$Z2$F121834 $81 961 $aLascito: Dugnani mons. Ferruccio 996 $6020$a88-01-11104-5$9(OLS)http://semarc/number/75941 996 $6245$aLa coppia cristiana si interroga$9(OLS)http://semarc/title/142685 996 $6260$aLeumann (Torino) :$bElledici$9(OLS)http://semarc/publisher/31236 LEADER 01112nam a2200229 i 4500 001 000000059695 003 CaOOAMICUS 005 20140321000000.0 008 140321s1967 it u000 u ita u 013 $a30867 040 $aSeMil$bita 100 1 $aTeilhard de Chardin, Pierre .$0(OLS)http://semarc/name/4251 240 10$aLettres d'Hastings et de Paris : 1908-1914.$0(OLS)http://semarc/title/93311 245 10$aLettere da Hastings e da Parigi :$b1908-1914 /$cPierre Teilhard de Chardin ; introduzione di Henri de Lubac. 260 $aBrescia :$bMorcelliana,$c1967. 300 $a426 p., [2] c. di tav. :$bill. ;$c22 cm. 650 4$aTeilhard de Chardin, Pierre - Lettere e carteggi.$0(OLS)http://semarc/subject/8247 700 1 $aLubac, Henri : de,$c.$0(OLS)http://semarc/name/49 850 $aSeMil 852 $aSeMil$W1$xVenegono$y1$m2K VII 34$j25848$B25848$CSeMilBibl$Z2$F25851 $81 996 $6245$aLettere da Hastings e da Parigi :$b1908-1914$9(OLS)http://semarc/title/93310 996 $6260$aBrescia :$bMorcelliana$9(OLS)http://semarc/publisher/29629